| 000 | 00371nam a2200157Ia 4500 | ||
|---|---|---|---|
| 008 | 221030s9999 xx 000 0 und d | ||
| 041 | _aEnglish | ||
| 082 |
_a105.23 _bSab |
||
| 100 | _aS. S. Sabharwal | ||
| 245 | 0 | _aApplied Mathematics | |
| 260 |
_bEagle Prakashan _aJalandhar _c1995 |
||
| 300 | _a68 | ||
| 650 | _aBE Mathematics | ||
| 700 | _aS. Khokhar | ||
| 942 | _cBK | ||
| 999 |
_c1484 _d1484 |
||